00479nam a2200109Ia 4500008004100000050002500041100002700066245015800093260008600251300002000337521001200357140724s9999 xx 000 0 und d aRT 81.5b.Al473 2007 aAlvarez, Chloe Rjay P. aPersonality type in relation to academic performance of 4th year student nurses of Southville International School and Colleges /cChloe Rjay P. Alvarez. aLas Piñas, Philippines :bSouthville International School and Colleges,cc2007. a65 p. :c28 cm. aNursing